Top 50 Baby Girl Names Beginning with E - Statistics

General Stats
  • This quiz has been taken 389 times
  • The average score is 29 of 50
Answer Stats
Hint Answer % Correct
1 Emma
96%
3 Ella
94%
45 Emmie
94%
40 Emely
93%
5 Emily
93%
28 Elle
92%
13 Eva
92%
34 Eve
92%
7 Ellie
87%
15 Eliza
84%
4 Elizabeth
84%
46 Ellis
79%
2 Evelyn
77%
27 Evelynn
77%
6 Eleanor
72%
39 Erin
72%
26 Evie
72%
18 Esther
71%
24 Elaina
67%
11 Elena
67%
33 Emelia
64%
8 Emilia
64%
35 Edith
60%
23 Elsie
57%
29 Everlee
54%
14 Everleigh
54%
9 Everly
54%
22 Elise
53%
16 Eden
50%
17 Eloise
50%
38 Elaine
47%
44 Emerie
46%
12 Emery
46%
32 Emory
46%
10 Eliana
45%
30 Elianna
45%
37 Elisa
45%
48 Ellianna
45%
25 Evangeline
44%
19 Emerson
42%
20 Emersyn
42%
49 Eileen
37%
21 Ember
37%
42 Elliot
28%
36 Elliott
28%
50 Elodie
23%
47 Elora
12%
41 Emberly
12%
31 Esmerelda
12%
43 Ensley
2%
No matching quizzes found
Score Distribution
Percent of People with Each Score
Percentile by Number Answered
Your Score History
You have not taken this quiz